La mentira como principio de política exterior de Estados Unidos hacia América Latina/
Salvato in:
| Autore principale: | |
|---|---|
| Natura: | Libro |
| Lingua: | Spanish |
| Tags: |
Aggiungi Tag
Nessun Tag, puoi essere il primo ad aggiungerne!!
|
MARC
| LEADER | 00000nam a22000007a 4500 | ||
|---|---|---|---|
| 003 | cru CIDCACS/IIS | ||
| 005 | 20190222062531.0 | ||
| 007 | Ta | ||
| 008 | 190221b2000 mx q||p|r||||||0| ||spa|| | ||
| 999 | |c 42188 |d 42188 | ||
| 040 | |c cru CIDCACS/IIS | ||
| 100 | 1 | |a Borón, Atilio A. |9 7702 | |
| 245 | 1 | 3 | |a La mentira como principio de política exterior de Estados Unidos hacia América Latina/ |c Atilio A. Borón |
| 300 | |a páginas 61-68 | ||
| 773 | 0 | |0 42185 |9 2662 |a InstitutoTecnológico Autónomo de México |d México: El Instituto, 2000- |o 17874 |t Foreign Affairs: |x 16651707 | |
| 942 | |2 ddc |c PP | ||
